String Theory: Riff Edition - Statistiken

Allgemein
  • Dieses Quiz wurde 3 mal gespielt
  • Das Durchschnittsergebnis liegt bei 3 aus 18
Antwortstatistiken
Hint Antwort % Korrekt
Titel von 9? Free Bird
67%
Interpret von 4? The Eagles
67%
Titel von 1? Crazy Train
33%
Interpret von 9? Lynyrd Skynyrd
33%
Titel von 8? Master of the Puppets
33%
Interpret von 8? Metallica
33%
Interpret von 1? Ozzy Osbourne
33%
Interpret von 3? AC/DC
0%
Titel von 3? Back In Black
0%
Interpret von 5? Black Sabbath
0%
Interpret von 6? Deep Purple
0%
Interpret von 2? Dire Straits
0%
Titel von 4? Hotel California
0%
Interpret von 7? Iron Maiden
0%
Titel von 5? Paranoid
0%
Titel von 6? Smoke on the Water
0%
Titel von 2? Sultans of Swing
0%
Titel von 7? The Trooper
0%
Keine übereinstimmenden Quizze gefunden
Verteilung der Resultate
Anzahl Personen mit jedem Resultat
Perzentil nach korrekt beantworteten Fragen
Ihre Resultats-Entwicklung
Sie haben dieses Quiz noch nicht gespielt